Geography Quiz

Random Geography or World Quiz

Largest Countries Quiz Stats

 Plays Quiz Updated Mar 18, 2020

Support Sporcle.
Go Orange.
Score 0/30 Timer 08:00
18 Plays Today
Rank Country % Correct
1.Russia
99.5%
3.United States
99.2%
4.China
98.5%
2.Canada
98.3%
5.Brazil
96.6%
6.Australia
94.1%
7.India
93.1%
14.Mexico
90%
8.Argentina
88.7%
25.South Africa
82.3%
30.Egypt
80.2%
19.Mongolia
77.3%
13.Saudi Arabia
73.8%
18.Iran
73.6%
16.Sudan
69.8%
Rank Country % Correct
12.Denmark (inc. Greenland)
68.4%
9.Kazakhstan
67.1%
15.Indonesia
67%
26.Colombia
66.6%
10.Algeria
64.8%
22.Niger
64.6%
21.Chad
61.9%
11.Democratic Republic of the Congo
61.7%
17.Libya
61.3%
27.Ethiopia
60.7%
20.Peru
57.7%
28.Bolivia
56.2%
29.Mauritania
49.9%
24.Mali
47.8%
23.Angola
43.4%

From the Vault

Sporclin' Through the 2010s IV

by kfastic

Does 2020 so far have you really longing for the 2010s to come back?
Remove Ads.
Support Sporcle.
Get the best of Sporcle when you Go Orange. This ad-free experience offers more features, more stats, and more fun while also helping to support Sporcle. Thank you for becoming a member.

Show Comments

Extras

Top Quizzes Today


Score Distribution

Your Account Isn't Verified!

In order to create a playlist on Sporcle, you need to verify the email address you used during registration. Go to your Sporcle Settings to finish the process.

Report this User

Report this user for behavior that violates our Community Guidelines.

Details: